000 00791nam a2200205 i 4500
001 130708
003 ES-MaACL
005 20250801063039.0
007 t|
008 070806s1984 mx ||||1| spa d
100 1 _aZavala, Silvio,
_d1909-2014
_9118108
245 1 3 _aEl servicio personal de los indios en la Nueva España /
_cSilvio Zavala.
250 _a1ª ed.
260 _aMéxico :
_bEl Colegio Nacional,
_c1984-
300 _a6 v. ;
_c22 cm.
505 8 _aContiene: T. I. 1521-1550 .-- T. II. 1550-1575 .-- T. III. 1576-1599 .-- T. IV. Suplemento a los tres primeros tomos relativos al siglo XVI .-- T. V. 1600-1635 (2 vols.)
651 4 _aMéxico-
_xHistoria-
_y1521-1821, Época colonial.
_9158070
852 _aES-MaACL
_jP-446
_bR.109321
999 _c130708
_d130708